[Event "XXXV MEMORIAL IMIENIA LUDWIKA ZAMENHOFA 2016 - grupa A"]
[Site "Bialystok"]
[Date "2016-12-27"]
[Round "1.25"]
[White "Drozdowski, Konrad"]
[Black "Jaroch, Karol"]
[Result "0-1"]
[WhiteTitle "I++"]
[BlackTitle "m"]
[WhiteElo "2024"]
[BlackElo "2247"]

1. e4 e6 2. d4 d5 3. Nc3 Bb4 4. Nge2 Nf6 5. Bg5 dxe4 6. a3 Be7 7. Bxf6 gxf6 8.
Nxe4 Nd7 9. g3 Nb6 10. Bg2 Bd7 11. Nd2 Bc6 12. Bxc6+ bxc6 13. O-O f5 14. c3 h5
15. Nf4 h4 16. Qf3 Qd7 17. Nd3 hxg3 18. fxg3 Qd5 19. Nb4 Qxf3 20. Nxf3 Na4 21.
Nxc6 Nxb2 22. Rfb1 Nc4 23. Rb7 Bd6 24. Rxa7 Rxa7 25. Nxa7 Kd7 26. Nb5 Bf8 27.
Ne5+ Nxe5 28. dxe5 Bg7 29. Rd1+ Kc8 30. Re1 Rd8 31. c4 Rd2 32. g4 fxg4 33. Re4
Kd7 34. a4 Ra2 35. Rxg4 Bxe5 36. h4 Rxa4 37. Rg5 Bf6 0-1

[Event "XXXV MEMORIAL IMIENIA LUDWIKA ZAMENHOFA 2016 - grupa A"]
[Site "Bialystok"]
[Date "2016-12-27"]
[Round "1.26"]
[White "Szostko, Jakub"]
[Black "Kohut, Anna"]
[Result "1/2-1/2"]
[WhiteTitle "FM"]
[BlackTitle "k+"]
[WhiteElo "2234"]
[BlackElo "2007"]

1. e4 c5 2. Nf3 e6 3. d4 cxd4 4. Nxd4 Nf6 5. Nc3 Nc6 6. Ndb5 Bb4 7. a3 Bxc3+ 8.
Nxc3 d5 9. exd5 exd5 10. Bd3 O-O 11. O-O d4 12. Ne2 Bg4 13. f3 Bh5 14. Bg5 Qd6
15. Qd2 Rfd8 16. Nf4 Bg6 17. Nxg6 hxg6 18. Rfe1 Rac8 19. Re2 Re8 20. Rae1 Rxe2
21. Rxe2 Re8 22. Rxe8+ Nxe8 23. Bf4 Qe7 24. Bg3 Nc7 25. Bf2 Ne6 26. Bc4 Qf6 27.
Qe2 g5 28. Bg3 a6 29. Bd3 g6 30. Be4 Nf4 31. Qd2 Qe5 32. Bf2 f5 33. Bd3 Nxd3 34.
Qxd3 Kg7 35. Qb3 b5 36. Qd3 Qf4 37. Qd1 Kf6 38. Qe1 Qe5 39. Qd2 Qf4 40. Qe1 Qe5
41. Qd2 Qf4 42. Qe1 1/2-1/2

[Event "XXXV MEMORIAL IMIENIA LUDWIKA ZAMENHOFA 2016 - grupa A"]
[Site "Bialystok"]
[Date "2016-12-27"]
[Round "1.27"]
[White "Wojtaszewski, Piotr"]
[Black "Kostyra, Stanislaw"]
[Result "1-0"]
[WhiteTitle "I++"]
[BlackTitle "IM"]
[WhiteElo "1995"]
[BlackElo "2230"]

1. e4 e5 2. Nc3 Nf6 3. f4 d5 4. fxe5 Nxe4 5. Qf3 Nc6 6. Nxe4 Nd4 7. Qc3 dxe4 8.
Ne2 c5 9. b4 Qd5 10. bxc5 Bxc5 11. Bb2 Nxe2 12. Bxe2 Be6 13. Bb5+ Ke7 14. Ba4
Rhd8 15. Bb3 Qd4 16. O-O-O e3 17. Qxd4 Bxd4 18. Bxd4 Rxd4 19. d3 a5 20. c3 Rg4
21. g3 a4 22. Bxe6 Kxe6 23. d4 Kd5 24. Kc2 Ke4 25. Rhe1 Rc8 26. Rd3 Kd5 27. Rdxe3
Rg6 28. Rb1 Rc7 29. Rb5+ Kc6 30. c4 Kd7 31. Rb4 b5 32. Rc3 bxc4 33. Rbxc4 Rxc4
34. Rxc4 Rh6 35. h4 Rg6 36. Rxa4 Rxg3 37. Ra6 h5 38. a4 Rh3 39. a5 Rxh4 40. Kd3
Rf4 41. d5 h4 42. Ra7+ Kc8 43. Ke3 g5 44. Ra8+ Kd7 45. Rg8 Ra4 46. Rxg5 h3 47.
Rg7 Ke8 48. Rh7 Kf8 49. d6 Rxa5 50. d7 Rxe5+ 1-0

[Event "XXXV MEMORIAL IMIENIA LUDWIKA ZAMENHOFA "]
[Site "Bialystok"]
[Date "2016.??.??"]
[Round "1.28"]
[White "Pietruszewski, Marcin"]
[Black "Rudzinska, Michalina"]
[Result "1-0"]
[WhiteElo "2208"]
[BlackElo "1975"]
[PlyCount "113"]
[EventDate "2016.??.??"]

1. e4 c5 2. Nf3 e6 3. d4 cxd4 4. Nxd4 a6 5. Bd3 Qb6 6. Nb3 Nc6 7. O-O Nf6 8. a4
Qc7 9. a5 d6 10. Be3 Nd7 11. N1d2 Be7 12. Nc4 Nce5 13. Nb6 Nxb6 14. Bxb6 Qb8
15. Qe2 O-O 16. Nd2 Bf6 17. Ra3 Nd7 18. Nc4 g6 19. Rd1 d5 20. exd5 exd5 21. Ne3
Nxb6 22. axb6 Be6 23. c4 dxc4 24. Bxc4 Qe5 25. Qf3 Rad8 26. Rad3 Rxd3 27. Bxd3
Rd8 28. Be4 Rxd1+ 29. Nxd1 Bf5 30. Nc3 Qe6 31. g3 Bh3 32. Nd5 Bxb2 33. Nf4 Qc8
34. Nxh3 Qxh3 35. Bxb7 Bd4 36. Bd5 Qd7 37. b7 Be5 38. Kg2 Bb8 39. h4 h5 40. Qb3
Qc7 41. Qa4 Kg7 42. Qxa6 Qd6 43. Qc4 Qc7 44. Qd4+ Qe5 45. Qc4 Qc7 46. Qb5 Qe7
47. Bc4 Qe4+ 48. Kg1 Qe1+ 49. Bf1 Bxg3 50. fxg3 Qxg3+ 51. Bg2 Qe3+ 52. Kh1 Qe1+
53. Qf1 Qxh4+ 54. Kg1 Qd4+ 55. Qf2 Qd1+ 56. Kh2 Qb3 57. Qg3 1-0

[Event "XXXV MEMORIAL IMIENIA LUDWIKA ZAMENHOFA 2016 - grupa A"]
[Site "Bialystok"]
[Date "2016-12-27"]
[Round "1.29"]
[White "Laszczak, Przemyslaw"]
[Black "Karwowski, Kacper"]
[Result "0-1"]
[WhiteTitle "I+"]
[BlackTitle "k"]
[WhiteElo "1960"]
[BlackElo "2201"]

1. d4 Nf6 2. Bg5 d6 3. e3 Nbd7 4. Bd3 g6 5. Nd2 Bg7 6. c3 O-O 7. f4 e5 8. Qc2 exd4
9. exd4 Qe8+ 10. Ne2 Nd5 11. Be4 N7b6 12. Qd3 h6 13. Bh4 f5 14. Bxd5+ Nxd5 15.
O-O b6 16. Rfe1 Qe3+ 17. Qxe3 Nxe3 18. Rac1 Bb7 19. Nf3 Rfe8 20. Bf2 Nd5 21. h3
Ba6 22. Rc2 Bxe2 23. Rcxe2 Rxe2 24. Rxe2 Nxf4 25. Re7 Nd5 26. Rd7 Rc8 27. Nh4
Kh7 28. c4 Nf6 29. Re7 Ne4 30. Be3 c5 31. Rxa7 Rf8 32. d5 g5 33. Nf3 Kg6 34. b3
f4 35. Bf2 Bf6 36. Rb7 h5 37. Rxb6 g4 38. Nh4+ Kg5 39. Be1 Bd4+ 40. Kh1 Ng3+ 41.
Kh2 Re8 42. Bxg3 fxg3+ 43. Kxg3 Re3+ 44. Nf3+ gxf3 45. h4+ Kf5 46. gxf3 Re2 47.
Rb8 Be5+ 48. f4 Bxf4+ 49. Kf3 Re3+ 50. Kf2 Rh3 51. a4 Ke4 52. Re8+ Be5 53. a5
Rxh4 54. a6 Rh2+ 55. Kg1 Ra2 0-1

[Event "XXXV MEMORIAL IMIENIA LUDWIKA ZAMENHOFA 2016 - grupa A"]
[Site "Bialystok"]
[Date "2016-12-27"]
[Round "1.30"]
[White "Rozycki, Bartlomiej"]
[Black "Hrymowicz, Artur"]
[Result "1-0"]
[WhiteTitle "k++"]
[BlackTitle "I+"]
[WhiteElo "2190"]
[BlackElo "1951"]

1. e4 c5 2. Nf3 d6 3. d4 cxd4 4. Nxd4 Nf6 5. Nc3 a6 6. g3 e5 7. Nb3 Be7 8. Bg2
O-O 9. O-O Be6 10. a4 Nbd7 11. Re1 Nc5 12. Nd2 Qa5 13. Nf1 b5 14. Ne3 b4 15. Ncd5
Nxd5 16. exd5 Bd7 17. Nc4 Qc7 18. a5 Rab8 19. Nb6 Bf5 20. Be3 Bf6 21. Qd2 b3 22.
Bxc5 Qxc5 23. cxb3 Qb5 24. Bf1 Qxb3 25. Ra3 Qc2 26. Qxc2 Bxc2 27. Nd7 Rxb2 28.
Nxf8 Kxf8 29. Bxa6 Bb3 30. Bb7 Bd8 31. Bc6 Bc4 32. a6 Bb6 33. a7 Bxf2+ 34. Kh1
1-0

[Event "XXXV MEMORIAL IMIENIA LUDWIKA ZAMENHOFA 2016 - grupa A"]
[Site "Bialystok"]
[Date "2016-12-27"]
[Round "1.31"]
[White "Harazinska, Magdalena"]
[Black "Smieszek, Wojciech"]
[Result "0-1"]
[WhiteTitle "k"]
[BlackTitle "k"]
[WhiteElo "1930"]
[BlackElo "2185"]

1. d4 Nf6 2. c4 c5 3. d5 e6 4. Nc3 exd5 5. cxd5 d6 6. e4 g6 7. Bd3 Bg7 8. Nge2
O-O 9. O-O a6 10. a4 Nbd7 11. Ng3 Rb8 12. f4 Qc7 13. Be3 Re8 14. Qe2 Nb6 15. a5
Nbxd5 16. exd5 Ng4 17. Nd1 Nxe3 18. Nxe3 Rxe3 19. Qd2 Bd7 20. Rae1 Rxd3 21. Qxd3
Bb5 22. Qd2 Bxf1 23. Rxf1 Re8 24. f5 Qe7 25. Kh1 Bd4 26. Qf4 Be5 27. Qg4 Bxg3
28. Qxg3 Qe5 29. fxg6 hxg6 30. Qf3 Re7 31. b3 Kg7 32. h3 f5 33. Qd3 Qe4 34. Qc4
Qd4 35. Rc1 Kf6 36. Qxd4+ cxd4 37. Kg1 Re3 38. b4 Rb3 39. Rc4 Ke5 0-1

[Event "XXXV MEMORIAL IMIENIA LUDWIKA ZAMENHOFA 2016 - grupa A"]
[Site "Bialystok"]
[Date "2016-12-27"]
[Round "1.32"]
[White "Dzhuguryan, Tygran"]
[Black "Belczewski, Jacek"]
[Result "1-0"]
[WhiteTitle "II+"]
[BlackTitle "I++"]
[WhiteElo "2176"]
[BlackElo "1902"]

1. d4 e6 2. Nf3 f5 3. g3 Nf6 4. Bg2 d5 5. O-O Bd6 6. b3 O-O 7. c4 c6 8. Ba3 Bxa3
9. Nxa3 b6 10. Rc1 Qe7 11. Nc2 Bb7 12. cxd5 cxd5 13. Nce1 Nc6 14. Ne5 Rac8 15.
Nxc6 Bxc6 16. Nd3 Bb5 17. Nf4 g5 18. Nh3 Ne4 19. Bxe4 dxe4 20. Qd2 h6 21. Qe3
Bc6 22. f4 exf3 23. exf3 Bd5 24. Nf2 f4 25. gxf4 gxf4 26. Qd3 Qg5+ 27. Kh1 Kh8
28. Rxc8 Rxc8 29. Rg1 Qf5 30. Ne4 Rg8 31. Rxg8+ Kxg8 32. Kg2 Kg7 33. a3 Qg6+ 34.
Kh1 Qf5 35. b4 Qh3 36. Kg1 Qf5 37. Qe2 Qg6+ 38. Qg2 Qxg2+ 39. Kxg2 a6 40. Nc3
Bc6 41. Ne2 Kf6 42. Nxf4 Kf5 43. Nd3 a5 44. bxa5 bxa5 45. Kf2 Bd5 46. Ke3 Bc6
47. h4 Bd5 48. Ne5 h5 49. Nd3 Bc6 50. Nf4 Be8 51. Ne2 Bf7 52. Ng3+ Kf6 53. Kf4
Bg6 54. Ne4+ Ke7 55. Ke5 Bf7 56. Nc5 Bg8 57. Nb7 a4 58. Nc5 1-0

[Event "XXXV MEMORIAL IMIENIA LUDWIKA ZAMENHOFA "]
[Site "Bialystok"]
[Date "2016.??.??"]
[Round "1.33"]
[White "Malicka, Maria"]
[Black "Walkusz, Witoslaw"]
[Result "0-1"]
[WhiteElo "1901"]
[BlackElo "2171"]
[PlyCount "102"]
[EventDate "2016.??.??"]

1. e4 e5 2. Nf3 Nc6 3. Bc4 Nf6 4. d3 h6 5. c3 Be7 6. Nbd2 O-O 7. O-O a6 8. Re1
d6 9. Bb3 Re8 10. Nf1 Bf8 11. Ng3 Na5 12. Bd2 c5 13. h3 Nc6 14. d4 Qc7 15. d5
Ne7 16. Be3 g6 17. Nh2 Kh7 18. f4 exf4 19. Bxf4 Neg8 20. Qf3 Bg7 21. Rf1 Re7
22. Rae1 Nd7 23. Ng4 Ne5 24. Nxe5 Bxe5 25. Bxe5 dxe5 26. Qe3 Qd6 27. Rf3 f6 28.
Ref1 Bd7 29. R3f2 c4 30. Bd1 Rc8 31. Be2 b5 32. Qd2 Rf8 33. Bd1 Ref7 34. Bg4
Ne7 35. Qc2 Kg7 36. Kh1 h5 37. Bxd7 Qxd7 38. Qd2 h4 39. Ne2 Nc8 40. Ng1 Nd6 41.
Qe3 Qa7 42. Qxa7 Rxa7 43. Re2 f5 44. Kh2 Nxe4 45. Rfe1 Kf6 46. Nf3 g5 47. Nd2
Nxd2 48. Rxd2 Rd7 49. Kg1 Rfd8 50. Red1 e4 51. Kf2 Ke5 0-1

[Event "XXXV MEMORIAL IMIENIA LUDWIKA ZAMENHOFA 2016 - grupa A"]
[Site "Bialystok"]
[Date "2016-12-27"]
[Round "1.34"]
[White "Kusenkova, Natallia"]
[Black "Wisniewski, Jacek"]
[Result "0-1"]
[WhiteTitle "m"]
[BlackTitle "k"]
[WhiteElo "2163"]
[BlackElo "1878"]

1. Nf3 d5 2. g3 c5 3. Bg2 Nc6 4. d4 e6 5. O-O Nf6 6. c4 Qb6 7. cxd5 Nxd4 8. dxe6
Bxe6 9. Nc3 Rd8 10. Nxd4 cxd4 11. Ne4 Nxe4 12. Bxe4 Bc5 13. Qa4+ Bd7 14. Qc2 h6
15. a3 O-O 16. b4 Be7 17. Bb2 Bf6 18. Rfd1 Rfe8 19. Bf3 a5 20. bxa5 Qxa5 21. Qd2
b6 22. Qxa5 bxa5 23. Rd2 Ba4 24. h4 Re6 25. Rc1 Rb6 26. Rc5 Rb5 27. Rxb5 Bxb5
28. Kg2 Kf8 29. Be4 Ke7 30. Kf3 Ke6 31. Bd3 Bxd3 32. Rxd3 Kd5 33. Kf4 Kc4 34.
Bc1 a4 35. Bd2 Be7 36. Ke4 Bc5 37. Bf4 Re8+ 38. Kf3 Re7 39. g4 Rb7 40. Ke4 Rb3
41. Be5 f6 42. Bxd4 Bxa3 43. Rd1 Bb2 44. Bxb2 Rxb2 45. Kf5 Rb7 46. Rc1+ Kd4 47.
e4 a3 48. Ra1 Ra7 49. f4 a2 50. e5 fxe5 51. fxe5 Kd5 52. e6 Kd6 53. Rd1+ Ke7 54.
Ra1 Ra4 55. g5 hxg5 56. hxg5 Ra7 57. Kg6 Kxe6 58. Re1+ Kd5 59. Ra1 Kc4 60. Rxa2
Rxa2 61. Kxg7 Kd5 62. Kf6 Kd6 63. g6 Rf2+ 64. Kg7 Ke7 0-1

[Event "XXXV MEMORIAL IMIENIA LUDWIKA ZAMENHOFA 2016 - grupa A"]
[Site "Bialystok"]
[Date "2016-12-27"]
[Round "1.35"]
[White "Czernek, Tymon"]
[Black "Klimaszewski, Dariusz"]
[Result "1/2-1/2"]
[WhiteTitle "I"]
[BlackTitle "CM"]
[WhiteElo "1877"]
[BlackElo "2161"]

1. Nf3 Nf6 2. d4 g6 3. c4 Bg7 4. Nc3 O-O 5. e4 d6 6. g3 c5 7. Bg2 Nc6 8. O-O a6
9. h3 Rb8 10. Be3 cxd4 11. Nxd4 Bd7 12. c5 dxc5 13. Nxc6 Bxc6 14. Bxc5 Re8 15.
Re1 Nd7 16. Bd4 Bxd4 17. Qxd4 Qb6 18. Qxb6 Nxb6 19. e5 Bxg2 20. Kxg2 Rbd8 21.
b3 Rd3 22. Ne4 Rd5 23. Rac1 Rxe5 24. Nc5 Rxe1 25. Rxe1 Nd5 26. Nxb7 Rc8 27. Na5
Rc2 28. a4 e6 29. Nc4 Kf8 30. Rb1 Ke7 31. Ne5 f6 32. Nf3 e5 33. b4 Nc3 34. Ne1
Rxf2+ 35. Kxf2 Nxb1 36. Nd3 Nc3 37. Nc5 Kd6 38. a5 Kc6 39. Nxa6 Nd5 40. Nb8+ Kc7
41. Na6+ Kc6 42. Nb8+ 1/2-1/2

[Event "XXXV MEMORIAL IMIENIA LUDWIKA ZAMENHOFA 2016 - grupa A"]
[Site "Bialystok"]
[Date "2016-12-27"]
[Round "1.36"]
[White "Mammadov, Vafa"]
[Black "Golecki, Jan"]
[Result "1-0"]
[WhiteTitle "k"]
[BlackTitle "I++"]
[WhiteElo "2151"]
[BlackElo "1823"]

1. c4 e6 2. g3 d5 3. Bg2 Nf6 4. Nf3 Be7 5. O-O O-O 6. d4 b6 7. cxd5 exd5 8. Nc3
Bb7 9. Bf4 Nbd7 10. Rc1 Ba6 11. Ne5 c5 12. dxc5 Nxc5 13. b4 Ne6 14. Qb3 Nxf4 15.
gxf4 Qd6 16. Nd3 Rfd8 17. Rfd1 Nh5 18. e3 Rac8 19. Ne2 Nf6 20. Nd4 Ng4 21. h3
Nh6 22. a3 Bf6 23. Nf3 Rxc1 24. Nxc1 Qe7 25. Ne2 Nf5 26. Qd3 g6 27. Ned4 1-0